The Soluble Ferments and Fermentation

Bibliografske podrobnosti
Glavni avtor: Green J. R. Reynolds
Izvleček:First edition 1899.
The rapid growth of human populations in coastal regions has led to increasing dependence on marine resources. Beneficial features related to food supply and life style need to be balanced against the hazards presented by microbial pathogens, chemical pollutants and toxic algal blooms. In this book, a group of experts from a range of backgrounds review the key aspects of the marine environment in relation to human health. An initial overview explains the need for integrating a range of disciplines, from physical oceanography and marine biology to molecular biology and epidemiology. Only by this approach can we hope to predict the consequences of environmental change and exploitation of natural resources upon our coastal ecosystems and, ultimately, on society and human health. Subsequent chapters then focus on more specialized topics. Firstly, waterborne pathogens are reviewed in detail and the microbial measures and policy implications important for protecting humans from exposure are described. Next, the consumption of contaminated seafood is considered along with its implications regarding the growth of aquaculture. Priority pollutants, emerging contaminants, and plastics are investigated as are the effects of climate change on pollution. The book concludes by proposing a holistic systems approach, such as Integrated Coastal Zone Management, to address the interconnected scientific challenges of increased human population pressure, pollution, over-exploitation of food resources, and the urgent need for effective public health solutions to be developed from politically and environmentally meaningful policies.
Jezik:angleščina
Izdano: Cambridge, Cambridge University Press, 2014
Izdaja:2nd ed.
Serija:Cambridge natural science manuals
Teme:
Format: Knjiga
KOHA link:https://koha.lib.tpu.ru/cgi-bin/koha/opac-detail.pl?biblionumber=255280

MARC

LEADER 00000nam0a2200000 4500
001 255280
005 20231101233018.0
010 |a 9781107673953 
035 |a (RuTPU)RU\TPU\book\277785 
090 |a 255280 
100 |a 20140327d2014 k y0engy50 ba 
101 0 |a eng 
102 |a GB 
105 |a y z 001zy 
200 1 |a The Soluble Ferments and Fermentation  |f J. R. Green 
205 |a 2nd ed. 
210 |a Cambridge  |c Cambridge University Press  |d 2014 
215 |a 512 p. 
225 1 |a Cambridge natural science manuals  |i Biological Series 
300 |a First edition 1899. 
320 |a Bibliography: p. 463-504. 
320 |a Index: p. 505-512. 
330 |a The rapid growth of human populations in coastal regions has led to increasing dependence on marine resources. Beneficial features related to food supply and life style need to be balanced against the hazards presented by microbial pathogens, chemical pollutants and toxic algal blooms. In this book, a group of experts from a range of backgrounds review the key aspects of the marine environment in relation to human health. An initial overview explains the need for integrating a range of disciplines, from physical oceanography and marine biology to molecular biology and epidemiology. Only by this approach can we hope to predict the consequences of environmental change and exploitation of natural resources upon our coastal ecosystems and, ultimately, on society and human health. Subsequent chapters then focus on more specialized topics. Firstly, waterborne pathogens are reviewed in detail and the microbial measures and policy implications important for protecting humans from exposure are described. Next, the consumption of contaminated seafood is considered along with its implications regarding the growth of aquaculture. Priority pollutants, emerging contaminants, and plastics are investigated as are the effects of climate change on pollution. The book concludes by proposing a holistic systems approach, such as Integrated Coastal Zone Management, to address the interconnected scientific challenges of increased human population pressure, pollution, over-exploitation of food resources, and the urgent need for effective public health solutions to be developed from politically and environmentally meaningful policies. 
606 1 |a Гидросфера  |x Экология  |2 stltpush  |3 (RuTPU)RU\TPU\subj\73099  |9 86307 
610 1 |a водные ресурсы 
610 1 |a использование 
610 1 |a морепродукты 
610 1 |a загрязнение 
610 1 |a водоросли 
610 1 |a цветение 
610 1 |a прибрежные экосистемы 
610 1 |a патогенные микроорганизмы 
610 1 |a морская биоэкология 
610 1 |a эпидемиология 
610 1 |a ферменты 
610 1 |a ферментация 
610 1 |a энзимы 
610 1 |a амилаза 
610 1 |a сахара 
610 1 |a расщепление 
610 1 |a белки 
610 1 |a жиры 
610 1 |a трипсин 
610 1 |a липаза 
610 1 |a реннин 
610 1 |a тромбин 
610 1 |a фибрин 
610 1 |a пектиназа 
610 1 |a уреаза 
610 1 |a оксидазы 
610 1 |a протоплазма 
610 1 |a секреция 
610 1 |a влияние 
610 1 |a реакции 
610 1 |a механизмы 
610 1 |a теория 
610 1 |a открытия 
675 |a 504.4  |v 3 
700 1 |a Green  |b J. R.  |g Reynolds 
801 1 |a RU  |b 63413507  |c 20140327 
801 2 |a RU  |b 63413507  |c 20160411  |g RCR 
942 |c BK 
959 |a 44/20140311  |d 1  |e 0  |f ЧЗИЛ:1